000 00613nam a2200181Ia 4500
003 GCL
008 140319s9999 xx 000 0 ara d
040 _aGCL /
_cGCL
082 0 4 _aق
_b322.4
_bح ا
100 1 _aحسين محمد أحمد حمودة
245 1 0 _aاسرار حركة الضباط الاحرار والاخوان المسلمون /
_cحسين محمد أحمد حمودة
260 _a[S.N] :
_bالزهراء للاعلام العربى ،
_c1987
300 _a223 ص
490 _a
650 0 4 _aحركات التحرير
650 0 4 _aالثورة المصرية 1952
942 _2ddc
_cBK
999 _c52832
_d52832